<?xml version="1.0" encoding="UTF-8"?>
<collection xmlns:xsi="http://www.w3.org/2001/XMLSchema-instance" xsi:schemaLocation="http://www.loc.gov/MARC21/slim http://www.loc.gov/standards/marcxml/schema/MARC21slim.xsd" xmlns="http://www.loc.gov/MARC21/slim">
 <record>
  <leader>00000cam a22000004a 4500</leader>
  <controlfield tag="001">UP-8027390931315964911</controlfield>
  <controlfield tag="003">Buklod</controlfield>
  <controlfield tag="005">20071106143602.0</controlfield>
  <controlfield tag="006">a     r    |||| u|</controlfield>
  <controlfield tag="007">ta</controlfield>
  <controlfield tag="008">920416s1991    ilu     r  b |||| u|    d</controlfield>
  <datafield tag="010" ind1=" " ind2=" ">
   <subfield code="a">91062551</subfield>
  </datafield>
  <datafield tag="020" ind1=" " ind2=" ">
   <subfield code="a">092396732X (text)</subfield>
  </datafield>
  <datafield tag="035" ind1=" " ind2=" ">
   <subfield code="a">(iLib)UPMIN-00000002190</subfield>
  </datafield>
  <datafield tag="040" ind1=" " ind2=" ">
   <subfield code="a">DLC</subfield>
   <subfield code="c">DLC</subfield>
  </datafield>
  <datafield tag="041" ind1="0" ind2=" ">
   <subfield code="g">eng</subfield>
  </datafield>
  <datafield tag="050" ind1="0" ind2="0">
   <subfield code="a">HA32</subfield>
  </datafield>
  <datafield tag="082" ind1="0" ind2="0">
   <subfield code="a">005.369</subfield>
   <subfield code="2">12</subfield>
  </datafield>
  <datafield tag="090" ind1=" " ind2=" ">
   <subfield code="a">HA32</subfield>
   <subfield code="b">N 1991</subfield>
  </datafield>
  <datafield tag="245" ind1="0" ind2="0">
   <subfield code="a">SPSS/PC+ studentware plus</subfield>
   <subfield code="h">[computer file].</subfield>
  </datafield>
  <datafield tag="250" ind1=" " ind2=" ">
   <subfield code="a">[Version] 1.0.</subfield>
  </datafield>
  <datafield tag="256" ind1=" " ind2=" ">
   <subfield code="a">Computer program.</subfield>
  </datafield>
  <datafield tag="264" ind1=" " ind2="1">
   <subfield code="a">Chicago</subfield>
   <subfield code="b">SPSS Inc.</subfield>
   <subfield code="c">c1991.</subfield>
  </datafield>
  <datafield tag="300" ind1=" " ind2=" ">
   <subfield code="a">10 computer disks</subfield>
   <subfield code="c">5 1/4 in. +</subfield>
   <subfield code="e">1 v. (483 p. : ill. ; 24 cm.)</subfield>
  </datafield>
  <datafield tag="500" ind1=" " ind2=" ">
   <subfield code="a">Title from disk label.</subfield>
  </datafield>
  <datafield tag="500" ind1=" " ind2=" ">
   <subfield code="a">Text by Marija J. Norusis.</subfield>
  </datafield>
  <datafield tag="520" ind1=" " ind2=" ">
   <subfield code="a">A student version of the SPSS/PC+ system. Contains the tools for preparing the statistical analyses most frequently encountered in both classroom and professional environments. Allows students to store and analyze up to fifty variables and an unlimited number of cases.</subfield>
  </datafield>
  <datafield tag="530" ind1=" " ind2=" ">
   <subfield code="a">Issued also on 3 1/2 in. computer disk.</subfield>
  </datafield>
  <datafield tag="538" ind1=" " ind2=" ">
   <subfield code="a">System requirements: IBM PC/XT, PC/AT, PS/2, or compatibles (including 386-based machines); at least 512K RAM; PC- or MS-DOS 3.0 or higher; 10MB (minimum) hard disk.</subfield>
  </datafield>
  <datafield tag="650" ind1=" " ind2="0">
   <subfield code="a">Social sciences</subfield>
   <subfield code="x">Statistical methods</subfield>
   <subfield code="x">Software.</subfield>
  </datafield>
  <datafield tag="700" ind1="1" ind2=" ">
   <subfield code="a">Noruésis, M. J.</subfield>
   <subfield code="q">(Marija J.)</subfield>
   <subfield code="d">1948-.</subfield>
  </datafield>
  <datafield tag="710" ind1="2" ind2=" ">
   <subfield code="a">SPSS Inc.</subfield>
  </datafield>
  <datafield tag="730" ind1="0" ind2=" ">
   <subfield code="a">SPSS/PC+ (Computer file).</subfield>
  </datafield>
  <datafield tag="740" ind1="0" ind2=" ">
   <subfield code="a">SPSS/PC plus studentware plus.</subfield>
  </datafield>
  <datafield tag="753" ind1=" " ind2=" ">
   <subfield code="a">IBM XT</subfield>
   <subfield code="c">PC-DOS 3.0.</subfield>
  </datafield>
  <datafield tag="753" ind1=" " ind2=" ">
   <subfield code="a">IBM PS/2.</subfield>
  </datafield>
  <datafield tag="852" ind1="0" ind2=" ">
   <subfield code="a">UPMIN</subfield>
   <subfield code="b">UPMIN-MAIN</subfield>
   <subfield code="h">HA32</subfield>
   <subfield code="i">N 1991</subfield>
  </datafield>
  <datafield tag="942" ind1=" " ind2=" ">
   <subfield code="a">Book</subfield>
  </datafield>
 </record>
</collection>
